01550nam a2200349 a 4500001001000000005001700010008004100027041000800068044000800076084002000084100005000104245015000154260002700304300004200331500013000373500004800503500004600551500006900597500005000666500001000716546002400726650005700750650006100807650003900868650005000907700004500957740005001002902000801052942001101060999001501071952011401086BRCA_318320190320204143.0160209s1675----enk#---###---#000-0#eng-u aeng aenk a485b.S37c16751 aCervantes Saavedra, Miguel ded1547-1616921310aThe History of the Valorous and Witty Knight-Errant Don Quixote of the ManchacMiguel de Cervantes ; Translated out of the Spanish by T. Shelton. aLondresbR. Scotc1675 a1 v. (en varias paginaciones)c30 cm. aContenido : Primera parte. Prólogo del autor. Algunos versos preliminares. Texto. Segunda parte. Prólogo del autor. Texto aEdición : Now Newly Corrected and Amended aEjemplar igual al LO-484 Lúdovik Osterc aEstado físico : Anotaciones manuscritas en la guarda posterior aCon ex libris de : John Peace ; Claris Cockey aQM400 aTexto en : inglés14aNovela españolayÉpoca clásica, 1500-1700921514aLiteratura españolayÉpoca clásica, 1500-1700921614aNovela españolaySiglo XVII921714aDon Quijote (Personaje ficticio)eNovela92181 aShelton, Thomasd?-1626eTraductor985550 aEl Ingenioso Hidalgo Don Quijote de la Mancha aQFM 2lcccB c2919d2919 00104070aBRCAbBRCAd2009-02-16iQM400l0o485 .S37 1675 (QM400)p3180r2019-03-22 00:00:00w2019-03-22yB